German Journal of Human Resource Management / Zeitschrift für Personalforschung
محفوظ في:
التنسيق: دورية
اللغة: Undetermined
منشور في:
JSTOR
Sage Publications, Inc.
الموضوعات:
الوصول للمادة أونلاين: Login to view Source
الوسوم: إضافة وسم
لا توجد وسوم, كن أول من يضع وسما على هذه التسجيلة!
رقم الطلب:
| LEADER | 00618nas a2200181Ia 4500 | ||
|---|---|---|---|
| 008 | 220214c99999999xx |||||||||||| ||und|| | ||
| 022 | |a 2397-0022 | ||
| 022 | |a 2397-0030 | ||
| 245 | 0 | 0 | |a German Journal of Human Resource Management / Zeitschrift für Personalforschung |
| 264 | 1 | |b JSTOR | |
| 264 | 1 | |b Sage Publications, Inc. | |
| 362 | 0 | |a Vol. 30(2016)-31 (2017) | |
| 653 | 1 | 0 | |a Business & Economics |
| 653 | 1 | 0 | |a Labor & Employment Relations |
| 856 | 4 | 0 | |u https://www.jstor.org/journal/germjhumareso |
| 942 | |c JL | ||
| 952 | |0 0 |1 0 |4 0 |7 1 |9 35048 |a JSR |b JSR |d 2022-02-14 |l 0 |r 2022-02-14 00:00:00 |w 2022-02-14 |y JL | ||
| 999 | |c 43381 |d 43381 | ||
